The California land : (Record no. 184322)
[ view plain ]
| 000 -LEADER | |
|---|---|
| fixed length control field | 00867 a2200217 4500 |
| 003 - CONTROL NUMBER IDENTIFIER | |
| control field | Nust |
| 005 - DATE AND TIME OF LATEST TRANSACTION | |
| control field | 20230306113406.0 |
| 010 ## - LIBRARY OF CONGRESS CONTROL NUMBER | |
| LC control number | 75019439 |
| 020 ## - INTERNATIONAL STANDARD BOOK NUMBER | |
| International Standard Book Number | 0913232203 : |
| 040 ## - CATALOGING SOURCE | |
| Transcribing agency | Nust |
| 082 00 - DEWEY DECIMAL CLASSIFICATION NUMBER | |
| Classification number | 333.709794,CAL |
| 110 2# - MAIN ENTRY--CORPORATE NAME | |
| Corporate name or jurisdiction name as entry element | California Land-Use Task Force. |
| 9 (RLIN) | 109826 |
| 245 14 - TITLE STATEMENT | |
| Title | The California land : |
| Remainder of title | planning for people : the report of the California Land-Use Task Force / |
| Statement of responsibility, etc. | sponsored by the Planning and Conservation Foundation. |
| 260 ## - PUBLICATION, DISTRIBUTION, ETC. | |
| Place of publication, distribution, etc. | Los Altos, Calif. : |
| Name of publisher, distributor, etc. | W. Kaufmann, |
| Date of publication, distribution, etc. | [1975] |
| 300 ## - PHYSICAL DESCRIPTION | |
| Extent | 96 p. : |
| Other physical details | ill. ; |
| Dimensions | 28 cm. |
| 505 ## - FORMATTED CONTENTS NOTE | |
| Formatted contents note | Introduction (Page-8), Land Use Planning Agencies (Page-13), Issues And Finding (Page-31), Recommendation (Page-83). |
| 650 #0 - SUBJECT ADDED ENTRY--TOPICAL TERM | |
| Topical term or geographic name entry element | Environmental policy |
| Geographic subdivision | California. |
| 9 (RLIN) | 109827 |
| 650 #0 - SUBJECT ADDED ENTRY--TOPICAL TERM | |
| Topical term or geographic name entry element | Regional planning |
| Geographic subdivision | California. |
| 9 (RLIN) | 109828 |
| 710 2# - ADDED ENTRY--CORPORATE NAME | |
| Corporate name or jurisdiction name as entry element | Planning and Conservation Foundation. |
| 9 (RLIN) | 109829 |
| 942 ## - ADDED ENTRY ELEMENTS (KOHA) | |
| Source of classification or shelving scheme | |
| Koha item type | Book |
| Withdrawn status | Lost status | Source of classification or shelving scheme | Damaged status | Not for loan | Permanent Location | Current Location | Shelving location | Date acquired | Full call number | Barcode | Date last seen | Price effective from | Koha item type | Public note |
|---|---|---|---|---|---|---|---|---|---|---|---|---|---|---|
| Military College of Signals (MCS) | Military College of Signals (MCS) | General Stacks | 12/12/2016 | 333.709794,CAL | MCS5882 | 12/08/2016 | 12/12/2016 | Book | Almirah No.50, Shelf No.4 |
